[Event "14th Vandoeuvre Open 2018"]
[Site "?"]
[Date "2018.01.03"]
[Round "4"]
[White "Rauta, Nicolas"]
[Black "Pavee, Louis"]
[Result "1-0"]
[WhiteElo "1963"]
[BlackElo "1740"]
[PlyCount "137"]
[EventDate "2018.??.??"]
[EventType "swiss"]
[EventCountry "FRA"]
[SourceTitle "Vandoeuvre"]
[TimeControl "5400+30"]
[WhiteClock "0:33:41"]
[BlackClock "0:01:57"]

1. c4 {[%emt 0:00:00]} e5 {[%emt 0:00:11]} 2. Nc3 {[%emt 0:00:00]} Nc6 {[%emt 0:00:34]} 3. g3 {[%emt 0:00:08]} Bc5 {[%emt 0:00:11]} 4. Bg2 {[%emt 0:00:26]} f5 {[%emt 0:00:56]} 5. e3 {[%emt 0:01:20]} Nf6 {[%emt 0:00:42]} 6. Nge2 {[%emt 0:00:19]} d6 {[%emt 0:00:19]} 7. a3 {[%emt 0:01:17]} a5 {[%emt 0:04:29]} 8. O-O {[%emt 0:02:18]} O-O {[%emt 0:00:09]} 9. d4 {[%emt 0:01:40]} Bb6 {[%emt 0:04:07]} 10. b3 {[%emt 0:02:34]} Qe7 {[%emt 0:05:57]} 11. Bb2 {[%emt 0:03:27]} Kh8 {[%emt 0:04:21]} 12. Rc1 {[%emt 0:08:12]} Nd8 {[%emt 0:08:58]} 13. b4 {[%emt 0:21:07]} c6 {[%emt 0:01:30]} 14. Na4 {[%emt 0:20:08]} Bc7 {[%emt 0:01:33]} 15. b5 {[%emt 0:03:09]} Bd7 {[%emt 0:04:19]} 16. Nac3 {[%emt 0:02:08]} e4 {[%emt 0:09:00]} 17. a4 {[%emt 0:00:45]} d5 {[%emt 0:00:44]} 18. cxd5 {[%emt 0:00:17]} cxd5 {[%emt 0:00:10]} 19. Nxe4 {[%emt 0:02:43]} fxe4 {[%emt 0:00:54]} 20. Rxc7 {[%emt 0:00:13]} Rc8 {[%emt 0:01:23]} 21. Rxc8 {[%emt 0:00:10]} Bxc8 {[%emt 0:00:25]} 22. Qb3 {[%emt 0:00:11]} Nf7 {[%emt 0:04:47]} 23. Nf4 {[%emt 0:02:04]} Be6 {[%emt 0:02:21]} 24. Rc1 {[%emt 0:04:46]} Qd7 {[%emt 0:03:30]} 25. Qc3 {[%emt 0:07:50]} Nd6 {[%emt 0:00:53]} 26. Qc7 {[%emt 0:06:50]} Nc4 {[%emt 0:03:13]} 27. Qxd7 {[%emt 0:00:42]} Bxd7 {[%emt 0:00:10]} 28. Ba1 {[%emt 0:00:58]} Rc8 {[%emt 0:01:04]} 29. Bf1 {[%emt 0:01:54]} Nb6 {[%emt 0:00:18]} 30. Rxc8+ {[%emt 0:00:41]} Bxc8 {[%emt 0:00:10]} 31. Bc3 {[%emt 0:00:11]} Nxa4 {[%emt 0:00:40]} 32. Bxa5 {[%emt 0:00:11]} Bd7 {[%emt 0:00:06]} 33. Bd8 {[%emt 0:00:23]} Nc3 {[%emt 0:00:23]} 34. Bxf6 {[%emt 0:05:47]} gxf6 {[%emt 0:02:12]} 35. Nh5 {[%emt 0:00:06]} Bxb5 {[%emt 0:00:26]} 36. Bxb5 {[%emt 0:00:10]} Nxb5 {[%emt 0:00:09]} 37. Nxf6 {[%emt 0:00:04]} Nc3 {[%emt 0:00:10]} 38. Nd7 {[%emt 0:00:23]} b5 {[%emt 0:00:23]} 39. Nc5 {[%emt 0:00:06]} Kg7 {[%emt 0:00:37]} 40. Kf1 {[%emt 0:00:22]} Kf7 {[%emt 0:01:11]} 41. Ke1 {[%emt 0:00:10]} Ke7 {[%emt 0:00:14]} 42. Kd2 {[%emt 0:00:19]} Na2 {[%emt 0:00:40]} 43. Na6 {[%emt 0:01:46]} b4 {[%emt 0:01:24]} 44. Kc2 {[%emt 0:00:28]} Kf6 {[%emt 0:00:27]} 45. Kb3 {[%emt 0:00:37]} Nc1+ {[%emt 0:00:11]} 46. Kxb4 {[%emt 0:01:51]} Nd3+ {[%emt 0:00:08]} 47. Kc3 {[%emt 0:00:17]} Nxf2 {[%emt 0:00:17]} 48. Kd2 {[%emt 0:01:00]} Ke6 {[%emt 0:00:42]} 49. Nc5+ {[%emt 0:00:07]} Kd6 {[%emt 0:00:10]} 50. Ke2 {[%emt 0:00:14]} Ng4 {[%emt 0:00:17]} 51. h3 Nh2 {[%emt 0:00:46]} 52. Kf2 {[%emt 0:00:51]} h5 {[%emt 0:01:07]} 53. Nb3 {[%emt 0:01:29]} Nf3 {[%emt 0:00:23]} 54. Nc1 {[%emt 0:00:13]} h4 {[%emt 0:00:56]} 55. gxh4 {[%emt 0:00:16]} Nxh4 {[%emt 0:00:07]} 56. Ne2 {[%emt 0:00:05]} Nf3 {[%emt 0:00:29]} 57. Nf4 {[%emt 0:00:22]} Nh4 {[%emt 0:02:11]} 58. Ng2 {[%emt 0:00:39]} Nf5 {[%emt 0:00:31]} 59. h4 {[%emt 0:00:25]} Kc6 {[%emt 0:00:42]} 60. Kg1 {[%emt 0:01:31]} Kb5 {[%emt 0:00:46]} 61. h5 {[%emt 0:00:44]} Kc6 {[%emt 0:00:30]} 62. Kh2 {[%emt 0:00:21]} Kd6 {[%emt 0:00:09]} 63. Kh3 {[%emt 0:00:10]} Ke6 {[%emt 0:00:05]} 64. Kg4 {[%emt 0:00:54]} Kf6 {[%emt 0:00:40]} 65. Kf4 {[%emt 0:00:37]} Ng7 {[%emt 0:02:28]} 66. h6 {[%emt 0:00:38]} Ne6+ {[%emt 0:00:04]} 67. Kg4 {[%emt 0:00:10]} Kg6 {[%emt 0:00:10]} 68. Nf4+ {[%emt 0:00:16]} Nxf4 {[%emt 0:00:10]} 69. Kxf4 {[%emt 0:00:03]} 1-0

[Event "14th Vandoeuvre Open 2018"]
[Site "?"]
[Date "2018.01.03"]
[Round "4"]
[White "Steininger, Denis"]
[Black "El Barbry, Sarah"]
[Result "1-0"]
[WhiteElo "1957"]
[BlackElo "1805"]
[PlyCount "117"]
[EventDate "2018.??.??"]
[EventType "swiss"]
[EventCountry "FRA"]
[SourceTitle "Vandoeuvre"]
[TimeControl "5400+30"]
[WhiteClock "0:01:06"]
[BlackClock "1:14:25"]

1. e4 {[%emt 0:00:00]} e6 {[%emt 0:20:35]} 2. d4 {[%emt 0:00:00]} d5 {[%emt 0:00:04]} 3. Nc3 {[%emt 0:00:00]} Bb4 {[%emt 0:00:05]} 4. e5 {[%emt 0:00:01]} c5 {[%emt 0:00:05]} 5. a3 {[%emt 0:00:04]} Bxc3+ {[%emt 0:00:03]} 6. bxc3 {[%emt 0:00:09]} Qc7 {[%emt 0:00:03]} 7. Nf3 {[%emt 0:00:58]} Nc6 {[%emt 0:01:02]} 8. a4 {[%emt 0:00:07]} Nge7 {[%emt 0:00:48]} 9. Ba3 {[%emt 0:00:22]} Qa5 {[%emt 0:01:40]} 10. Qd2 {[%emt 0:00:55]} cxd4 {[%emt 0:12:16]} 11. Nxd4 {[%emt 0:01:31]} Nxd4 {[%emt 0:03:05]} 12. Qxd4 {[%emt 0:00:44]} Nc6 {[%emt 0:03:20]} 13. Bb5 {[%emt 0:03:18]} Qxb5 {[%emt 0:04:19]} 14. axb5 {[%emt 0:00:08]} Nxd4 {[%emt 0:00:04]} 15. cxd4 {[%emt 0:00:07]} Bd7 {[%emt 0:01:07]} 16. Bc5 {[%emt 0:00:55]} Bxb5 {[%emt 0:16:30]} 17. Rxa7 {[%emt 0:00:12]} Rxa7 {[%emt 0:00:20]} 18. Bxa7 {[%emt 0:00:07]} Kd7 {[%emt 0:00:10]} 19. Kd2 {[%emt 0:00:16]} Ra8 {[%emt 0:00:12]} 20. Bc5 {[%emt 0:01:03]} Bc4 {[%emt 0:06:17]} 21. g4 {[%emt 0:00:18]} h6 {[%emt 0:05:10]} 22. h4 {[%emt 0:00:46]} g6 {[%emt 0:00:58]} 23. f4 {[%emt 0:00:14]} Rh8 {[%emt 0:01:43]} 24. h5 {[%emt 0:02:46]} gxh5 {[%emt 0:04:04]} 25. Rxh5 {[%emt 0:00:14]} Rg8 {[%emt 0:04:38]} 26. Rh4 {[%emt 0:00:02]} Bf1 {[%emt 0:08:39]} 27. Ke3 {[%emt 0:00:21]} Bg2 {[%emt 0:03:08]} 28. c3 {[%emt 0:00:24]} Be4 {[%emt 0:00:49]} 29. c4 {[%emt 0:01:36]} Kc6 {[%emt 0:01:10]} 30. f5 {[%emt 0:00:29]} exf5 {[%emt 0:00:29]} 31. Rxh6+ {[%emt 0:01:05]} Rg6 {[%emt 0:00:01]} 32. cxd5+ {[%emt 0:10:26]} Kxd5 {[%emt 0:00:06]} 33. g5 {[%emt 0:01:52]} Rxg5 {[%emt 0:01:45]} 34. Rf6 {[%emt 0:00:19]} Rg3+ {[%emt 0:01:05]} 35. Ke2 {[%emt 0:00:10]} Rg7 {[%emt 0:00:19]} 36. Rd6+ {[%emt 0:00:43]} Kc4 {[%emt 0:00:01]} 37. Rd7 {[%emt 0:00:11]} f4 {[%emt 0:00:14]} 38. Kf1 {[%emt 0:00:29]} Bc6 {[%emt 0:00:37]} 39. Rc7 {[%emt 0:00:48]} Kd5 {[%emt 0:00:42]} 40. Re7 {[%emt 0:00:29]} Rg3 {[%emt 0:01:45]} 41. Rxf7 {[%emt 0:00:14]} Rf3+ 42. Kg1 {[%emt 0:00:43]} Ke6 {[%emt 0:00:32]} 43. Rf6+ {[%emt 0:00:51]} Kd7 {[%emt 0:00:02]} 44. Rd6+ {[%emt 0:01:03]} Ke8 {[%emt 0:00:06]} 45. d5 {[%emt 0:00:17]} Bb5 {[%emt 0:00:07]} 46. Rb6 {[%emt 0:00:47]} Ba6 {[%emt 0:00:06]} 47. Rf6 {[%emt 0:00:48]} Rg3+ {[%emt 0:00:38]} 48. Kf2 {[%emt 0:00:16]} Rg8 {[%emt 0:01:07]} 49. e6 {[%emt 0:00:31]} Bc4 {[%emt 0:00:22]} 50. d6 {[%emt 0:00:35]} Bb5 {[%emt 0:01:30]} 51. Rxf4 {[%emt 0:00:26]} Bc6 {[%emt 0:00:32]} 52. Ke3 {[%emt 0:00:11]} Kd8 {[%emt 0:00:55]} 53. Bb6+ {[%emt 0:00:36]} Ke8 {[%emt 0:00:08]} 54. Kd4 {[%emt 0:01:34]} Rg5 {[%emt 0:00:11]} 55. Bc5 {[%emt 0:00:37]} Rg8 {[%emt 0:01:01]} 56. Kc4 {[%emt 0:00:16]} Kd8 {[%emt 0:00:31]} 57. Kb4 {[%emt 0:00:15]} Rg5 {[%emt 0:00:21]} 58. Rf8+ {[%emt 0:00:17]} Be8 {[%emt 0:00:17]} 59. Bb6+ {[%emt 0:00:09]} 1-0

[Event "14th Vandoeuvre Open 2018"]
[Site "?"]
[Date "2018.01.03"]
[Round "4"]
[White "Steininger, Denis"]
[Black "Kuhn, Manfred"]
[Result "1-0"]
[WhiteElo "1957"]
[BlackElo "2174"]
[PlyCount "71"]
[EventDate "2018.??.??"]
[EventType "swiss"]
[EventCountry "FRA"]
[SourceTitle "Vandoeuvre"]
[TimeControl "5400+30"]
[WhiteClock "0:09:08"]
[BlackClock "1:28:45"]

1. e4 {[%emt 0:00:00]} c5 {[%emt 0:00:00]} 2. Nf3 {[%emt 0:00:02]} d6 {[%emt 0:00:09]} 3. c3 {[%emt 0:00:11]} Nf6 {[%emt 0:01:39]} 4. Be2 {[%emt 0:00:09]} Bd7 {[%emt 0:02:33]} 5. e5 {[%emt 0:00:18]} dxe5 {[%emt 0:08:05]} 6. Nxe5 {[%emt 0:00:09]} Qc7 {[%emt 0:02:42]} 7. Nxd7 {[%emt 0:00:42]} Nbxd7 {[%emt 0:01:48]} 8. d4 {[%emt 0:00:06]} e6 {[%emt 0:08:26]} 9. Na3 {[%emt 0:00:19]} a6 {[%emt 0:02:14]} 10. Nc4 {[%emt 0:00:03]} b5 {[%emt 0:01:42]} 11. Ne3 {[%emt 0:00:05]} Be7 {[%emt 0:03:31]} 12. a4 {[%emt 0:00:39]} Rb8 {[%emt 0:03:05]} 13. O-O {[%emt 0:00:35]} O-O {[%emt 0:00:22]} 14. f4 {[%emt 0:00:07]} cxd4 {[%emt 0:06:04]} 15. cxd4 {[%emt 0:00:13]} Rfd8 {[%emt 0:02:28]} 16. f5 {[%emt 0:00:16]} e5 {[%emt 0:01:22]} 17. dxe5 {[%emt 0:01:35]} Nxe5 {[%emt 0:02:28]} 18. Qb3 {[%emt 0:00:08]} Qb6 {[%emt 0:05:41]} 19. axb5 {[%emt 0:00:55]} axb5 {[%emt 0:06:28]} 20. h3 {[%emt 0:00:28]} Bc5 {[%emt 0:01:25]} 21. Kh1 {[%emt 0:00:20]} Ne4 {[%emt 0:02:07]} 22. Ng4 {[%emt 0:02:21]} Nxg4 {[%emt 0:03:59]} 23. Bxg4 {[%emt 0:00:29]} Nf2+ {[%emt 0:03:19]} 24. Kh2 {[%emt 0:00:24]} Qc7+ {[%emt 0:01:31]} 25. g3 {[%emt 0:00:22]} Rd3 {[%emt 0:01:20]} 26. Bf4 {[%emt 0:02:01]} Rxb3 {[%emt 0:09:05]} 27. Bxc7 {[%emt 0:00:07]} Rc8 {[%emt 0:00:41]} 28. Rxf2 {[%emt 0:01:47]} Bxf2 {[%emt 0:05:20]} 29. f6 {[%emt 0:00:21]} Rf8 {[%emt 0:00:30]} 30. Be5 {[%emt 0:01:00]} gxf6 {[%emt 0:01:12]} 31. Bxf6 {[%emt 0:00:44]} Bxg3+ {[%emt 0:00:17]} 32. Kg2 {[%emt 0:00:11]} Bf4 {[%emt 0:01:30]} 33. Bf3 {[%emt 0:01:03]} Re3 {[%emt 0:02:22]} 34. Kf2 {[%emt 0:00:46]} Re6 {[%emt 0:00:59]} 35. Rg1+ {[%emt 0:00:13]} Bg3+ {[%emt 0:01:58]} 36. Rxg3# {[%emt 0:00:06]} 1-0

[Event "14th Vandoeuvre Open 2018"]
[Site "?"]
[Date "2018.01.03"]
[Round "4"]
[White "Rittie, Daniel"]
[Black "Poplavsky, Alexandre"]
[Result "1-0"]
[WhiteElo "1944"]
[BlackElo "1739"]
[PlyCount "67"]
[EventDate "2018.??.??"]
[EventType "swiss"]
[EventCountry "FRA"]
[SourceTitle "Vandoeuvre"]
[TimeControl "5400+30"]
[WhiteClock "0:04:34"]
[BlackClock "0:06:34"]

1. c4 {[%emt 0:00:00]} e5 {[%emt 0:00:00]} 2. g3 {[%emt 0:00:00]} Nc6 {[%emt 0:00:22]} 3. Bg2 {[%emt 0:00:00]} Bc5 {[%emt 0:00:19]} 4. Nc3 {[%emt 0:00:21]} d6 {[%emt 0:00:13]} 5. d3 {[%emt 0:02:54]} Bf5 {[%emt 0:02:23]} 6. a3 {[%emt 0:01:44]} Qd7 {[%emt 0:02:38]} 7. b4 {[%emt 0:03:33]} Bd4 8. Bb2 {[%emt 0:00:17]} a6 {[%emt 0:02:05]} 9. e3 {[%emt 0:01:19]} Ba7 {[%emt 0:00:09]} 10. Nd5 {[%emt 0:06:51]} Nd8 {[%emt 0:05:44]} 11. Ne2 {[%emt 0:01:18]} c6 {[%emt 0:02:47]} 12. Ndc3 {[%emt 0:00:07]} Ne7 {[%emt 0:00:15]} 13. O-O {[%emt 0:02:46]} Bh3 {[%emt 0:00:51]} 14. d4 {[%emt 0:00:35]} Ng6 {[%emt 0:05:17]} 15. dxe5 {[%emt 0:13:13]} Nxe5 {[%emt 0:11:29]} 16. Ne4 {[%emt 0:00:50]} Bb8 {[%emt 0:00:23]} 17. Rc1 {[%emt 0:01:40]} O-O {[%emt 0:12:20]} 18. Nf4 {[%emt 0:12:11]} Bxg2 {[%emt 0:16:13]} 19. Kxg2 {[%emt 0:00:03]} f6 {[%emt 0:00:08]} 20. Qc2 {[%emt 0:09:33]} Ndf7 {[%emt 0:09:28]} 21. Rfd1 {[%emt 0:02:57]} Qe7 {[%emt 0:03:32]} 22. Nd2 {[%emt 0:07:27]} Nh6 {[%emt 0:07:48]} 23. h3 {[%emt 0:09:00]} g5 {[%emt 0:01:52]} 24. Ne2 {[%emt 0:02:07]} Qf7 {[%emt 0:06:34]} 25. Ne4 {[%emt 0:04:10]} Rd8 {[%emt 0:03:11]} 26. Bxe5 {[%emt 0:04:10]} fxe5 {[%emt 0:00:43]} 27. Nxg5 {[%emt 0:00:30]} Qf5 {[%emt 0:00:18]} 28. Nf3 {[%emt 0:01:38]} Rf8 {[%emt 0:01:24]} 29. Qxf5 {[%emt 0:02:19]} Rxf5 {[%emt 0:00:08]} 30. Rd2 {[%emt 0:01:01]} Bc7 {[%emt 0:00:15]} 31. Nc3 {[%emt 0:01:23]} Raf8 {[%emt 0:01:34]} 32. Nh4 {[%emt 0:03:20]} Rg5 {[%emt 0:01:03]} 33. Ne4 {[%emt 0:00:39]} Rg7 34. Nxd6 1-0

[Event "14th Vandoeuvre Open 2018"]
[Site "?"]
[Date "2018.01.03"]
[Round "4"]
[White "Rittie, Daniel"]
[Black "Budak, Rewi"]
[Result "0-1"]
[WhiteElo "1944"]
[BlackElo "2015"]
[PlyCount "110"]
[EventDate "2018.??.??"]
[EventType "swiss"]
[EventCountry "FRA"]
[SourceTitle "Vandoeuvre"]
[TimeControl "5400+30"]
[WhiteClock "0:08:34"]
[BlackClock "0:01:05"]

1. c4 {[%emt 0:00:00]} c5 {[%emt 0:09:47]} 2. g3 {[%emt 0:00:00]} Nc6 {[%emt 0:00:41]} 3. Bg2 {[%emt 0:00:00]} Nf6 {[%emt 0:09:46]} 4. Nc3 {[%emt 0:00:00]} g6 {[%emt 0:00:37]} 5. d3 {[%emt 0:02:56]} Bg7 {[%emt 0:00:35]} 6. e4 {[%emt 0:03:54]} O-O {[%emt 0:00:52]} 7. Nge2 {[%emt 0:00:06]} a6 {[%emt 0:01:02]} 8. O-O {[%emt 0:02:13]} d6 {[%emt 0:01:27]} 9. Rb1 {[%emt 0:03:33]} Rb8 {[%emt 0:00:10]} 10. a3 {[%emt 0:02:13]} b5 {[%emt 0:00:25]} 11. cxb5 {[%emt 0:06:31]} axb5 {[%emt 0:02:00]} 12. b4 {[%emt 0:00:20]} Ba6 {[%emt 0:03:03]} 13. h3 {[%emt 0:04:07]} e6 {[%emt 0:08:36]} 14. Be3 {[%emt 0:06:09]} Qe7 {[%emt 0:00:23]} 15. d4 {[%emt 0:03:43]} cxd4 {[%emt 0:01:19]} 16. Nxd4 {[%emt 0:00:34]} Rfc8 {[%emt 0:00:08]} 17. Nxc6 {[%emt 0:04:00]} Rxc6 {[%emt 0:05:45]} 18. Qb3 {[%emt 0:00:59]} Rbc8 {[%emt 0:00:54]} 19. Rbc1 {[%emt 0:00:14]} Rc4 {[%emt 0:05:44]} 20. Ne2 {[%emt 0:04:21]} Qc7 {[%emt 0:03:32]} 21. Qd3 {[%emt 0:04:20]} Nd7 {[%emt 0:03:21]} 22. Rfd1 {[%emt 0:02:35]} Bf8 {[%emt 0:03:17]} 23. Rxc4 {[%emt 0:10:08]} bxc4 {[%emt 0:10:38]} 24. Qc2 {[%emt 0:01:06]} c3 {[%emt 0:06:47]} 25. Bf1 {[%emt 0:07:41]} Ne5 {[%emt 0:01:26]} 26. Nd4 {[%emt 0:03:04]} Bxf1 {[%emt 0:00:24]} 27. Kxf1 {[%emt 0:00:13]} Qc4+ {[%emt 0:00:18]} 28. Kg2 {[%emt 0:02:05]} Ra8 {[%emt 0:01:42]} 29. Bc1 {[%emt 0:06:20]} Nc6 {[%emt 0:00:36]} 30. Ne2 {[%emt 0:01:44]} Nxb4 {[%emt 0:02:15]} 31. Qxc3 {[%emt 0:06:37]} Qxe2 {[%emt 0:01:49]} 32. Bb2 {[%emt 0:08:10]} Qxe4+ {[%emt 0:01:54]} 33. Kg1 {[%emt 0:00:20]} e5 {[%emt 0:00:50]} 34. Qxb4 {[%emt 0:02:26]} Qxb4 {[%emt 0:01:19]} 35. axb4 {[%emt 0:00:04]} Rb8 {[%emt 0:00:10]} 36. Bc3 {[%emt 0:00:20]} Rb5 {[%emt 0:00:07]} 37. Kf1 {[%emt 0:00:41]} f6 {[%emt 0:00:08]} 38. Rb1 {[%emt 0:00:17]} d5 {[%emt 0:00:07]} 39. Ke2 {[%emt 0:00:13]} Kf7 {[%emt 0:00:36]} 40. f3 {[%emt 0:00:52]} Ke6 {[%emt 0:00:15]} 41. Kd3 {[%emt 0:00:06]} f5 {[%emt 0:00:28]} 42. Ra1 {[%emt 0:01:01]} d4 {[%emt 0:06:17]} 43. Bd2 {[%emt 0:00:10]} Kd5 {[%emt 0:00:32]} 44. Ra5 {[%emt 0:03:27]} e4+ {[%emt 0:00:15]} 45. fxe4+ {[%emt 0:00:31]} fxe4+ {[%emt 0:00:07]} 46. Ke2 {[%emt 0:00:35]} Rxa5 {[%emt 0:00:08]} 47. bxa5 {[%emt 0:00:02]} Bc5 {[%emt 0:00:20]} 48. Bf4 {[%emt 0:01:59]} Ba7 {[%emt 0:00:30]} 49. Bc7 {[%emt 0:00:28]} Kc6 {[%emt 0:00:58]} 50. Bd8 {[%emt 0:00:32]} Kb5 {[%emt 0:02:21]} 51. g4 {[%emt 0:00:25]} Bc5 {[%emt 0:00:15]} 52. h4 Bb4 53. Bb6 Bd6 54. Bd8 Bc5 55. Kd2 d3 {Ke3 Bb4} 0-1

[Event "14th Vandoeuvre Open 2018"]
[Site "?"]
[Date "2018.01.03"]
[Round "4"]
[White "Willockx, Ritsaart"]
[Black "Schmitt, Axel"]
[Result "1/2-1/2"]
[WhiteElo "1940"]
[BlackElo "2323"]
[PlyCount "80"]
[EventDate "2018.??.??"]
[EventType "swiss"]
[EventCountry "FRA"]
[SourceTitle "Vandoeuvre"]
[TimeControl "5400+30"]
[WhiteClock "0:30:38"]
[BlackClock "0:15:46"]

1. b3 {[%emt 0:00:00]} b6 {[%emt 0:00:07]} 2. Bb2 {[%emt 0:00:00]} Bb7 {[%emt 0:00:06]} 3. e3 {[%emt 0:00:00]} e6 {[%emt 0:00:08]} 4. Nf3 {[%emt 0:02:06]} Nf6 {[%emt 0:00:34]} 5. Be2 {[%emt 0:01:59]} c5 {[%emt 0:00:45]} 6. O-O {[%emt 0:00:12]} Be7 {[%emt 0:00:07]} 7. d3 {[%emt 0:01:01]} O-O {[%emt 0:00:09]} 8. Nbd2 {[%emt 0:00:02]} d5 {[%emt 0:03:35]} 9. Ne5 {[%emt 0:00:28]} Nc6 {[%emt 0:00:27]} 10. Nxc6 {[%emt 0:07:08]} Bxc6 {[%emt 0:00:20]} 11. f4 {[%emt 0:02:02]} a5 {[%emt 0:07:46]} 12. a4 {[%emt 0:04:34]} b5 {[%emt 0:03:48]} 13. axb5 {[%emt 0:01:14]} Bxb5 {[%emt 0:00:43]} 14. Bf3 {[%emt 0:05:13]} Bc6 {[%emt 0:07:52]} 15. Qe2 {[%emt 0:02:27]} a4 {[%emt 0:05:06]} 16. e4 {[%emt 0:14:55]} axb3 {[%emt 0:02:10]} 17. Nxb3 {[%emt 0:05:31]} Qb6 {[%emt 0:02:47]} 18. Kh1 {[%emt 0:02:55]} dxe4 {[%emt 0:18:13]} 19. Bxe4 {[%emt 0:03:21]} Nxe4 {[%emt 0:03:05]} 20. dxe4 {[%emt 0:00:06]} c4 {[%emt 0:07:08]} 21. Rxa8 {[%emt 0:12:35]} Rxa8 {[%emt 0:00:24]} 22. Nd4 {[%emt 0:00:38]} Qxb2 {[%emt 0:02:23]} 23. Nxc6 {[%emt 0:00:09]} Bf8 {[%emt 0:00:20]} 24. Ne5 {[%emt 0:05:12]} Ra2 {[%emt 0:04:55]} 25. Qxc4 {[%emt 0:03:40]} Qxc2 {[%emt 0:00:30]} 26. Qxc2 {[%emt 0:00:13]} Rxc2 {[%emt 0:00:01]} 27. Nf3 {[%emt 0:01:18]} Rc4 {[%emt 0:00:25]} 28. Re1 {[%emt 0:03:31]} Bb4 {[%emt 0:00:46]} 29. Ne5 {[%emt 0:00:56]} Rd4 {[%emt 0:01:35]} 30. Nc6 {[%emt 0:00:43]} Rc4 {[%emt 0:00:17]} 31. Nxb4 {[%emt 0:01:13]} Rxb4 {[%emt 0:00:06]} 32. g3 {[%emt 0:00:14]} Rb2 {[%emt 0:00:03]} 33. e5 {[%emt 0:02:19]} g6 {[%emt 0:00:09]} 34. Rc1 {[%emt 0:01:15]} h5 {[%emt 0:00:26]} 35. Rc7 {[%emt 0:00:53]} Kg7 {[%emt 0:01:41]} 36. h4 {[%emt 0:01:03]} Ra2 {[%emt 0:00:07]} 37. Rd7 {[%emt 0:00:25]} Rb2 {[%emt 0:00:06]} 38. Rc7 {[%emt 0:00:30]} Ra2 {[%emt 0:00:02]} 39. Rd7 {[%emt 0:01:23]} Rb2 {[%emt 0:00:08]} 40. Rc7 {[%emt 0:00:50]} Ra2 {[%emt 0:00:02]} 1/2-1/2

[Event "14th Vandoeuvre Open 2018"]
[Site "?"]
[Date "2018.01.03"]
[Round "4"]
[White "Grandmougin, Olivier"]
[Black "Oney, Remel"]
[Result "0-1"]
[WhiteElo "1904"]
[BlackElo "1828"]
[PlyCount "58"]
[EventDate "2018.??.??"]
[EventType "swiss"]
[EventCountry "FRA"]
[SourceTitle "Vandoeuvre"]
[TimeControl "5400+30"]
[WhiteClock "0:02:17"]
[BlackClock "0:33:54"]

1. f4 {[%emt 0:07:29]} d5 {[%emt 0:01:49]} 2. Nf3 {[%emt 0:00:09]} c5 {[%emt 0:00:11]} 3. e3 {[%emt 0:00:06]} Nc6 {[%emt 0:00:23]} 4. Bb5 {[%emt 0:00:23]} Bd7 {[%emt 0:02:08]} 5. b3 {[%emt 0:03:49]} Nf6 {[%emt 0:02:29]} 6. Bb2 {[%emt 0:00:23]} e6 {[%emt 0:04:06]} 7. O-O {[%emt 0:00:11]} a6 {[%emt 0:03:50]} 8. Bxc6 {[%emt 0:04:21]} Bxc6 {[%emt 0:01:20]} 9. Ne5 {[%emt 0:00:12]} d4 {[%emt 0:02:42]} 10. Nxc6 {[%emt 0:04:59]} bxc6 {[%emt 0:01:06]} 11. Qf3 {[%emt 0:00:12]} Qb6 {[%emt 0:07:33]} 12. Na3 {[%emt 0:03:28]} Rd8 {[%emt 0:01:04]} 13. Nc4 {[%emt 0:01:10]} Qc7 {[%emt 0:01:50]} 14. Ne5 {[%emt 0:00:49]} Rd5 {[%emt 0:10:26]} 15. Qe2 {[%emt 0:09:05]} Qb7 {[%emt 0:08:14]} 16. e4 {[%emt 0:02:05]} Rd8 {[%emt 0:01:31]} 17. f5 {[%emt 0:00:23]} Bd6 {[%emt 0:05:13]} 18. Nxf7 {[%emt 0:02:26]} Bxh2+ {[%emt 0:00:33]} 19. Kxh2 {[%emt 0:00:09]} Qxf7 {[%emt 0:01:03]} 20. e5 {[%emt 0:01:32]} Nd5 {[%emt 0:09:16]} 21. fxe6 {[%emt 0:03:13]} Qxe6 22. Ba3 {[%emt 0:03:36]} g5 {[%emt 0:26:12]} 23. Bxc5 {[%emt 0:02:47]} Nf4 {[%emt 0:00:29]} 24. Qf3 {[%emt 0:03:16]} d3 {[%emt 0:03:29]} 25. c4 {[%emt 0:07:59]} Rd7 {[%emt 0:04:01]} 26. Rae1 {[%emt 0:02:00]} Rf7 {[%emt 0:00:30]} 27. Kg1 {[%emt 0:02:19]} Ne2+ {[%emt 0:00:14]} 28. Kh2 {[%emt 0:02:05]} Rxf3 {[%emt 0:00:14]} 29. Rxf3 {[%emt 0:00:00]} Qxe5+ {[%emt 0:00:17]} 0-1

[Event "14th Vandoeuvre Open 2018"]
[Site "?"]
[Date "2018.01.03"]
[Round "4"]
[White "Berthier, Grant"]
[Black "Rauta, Nicolas"]
[Result "1/2-1/2"]
[WhiteElo "1799"]
[BlackElo "1963"]
[PlyCount "100"]
[EventDate "2018.??.??"]
[EventType "swiss"]
[EventCountry "FRA"]
[SourceTitle "Vandoeuvre"]
[TimeControl "5400+30"]
[WhiteClock "0:01:03"]
[BlackClock "0:17:39"]

1. d4 {[%emt 0:02:58]} d5 {[%emt 0:00:00]} 2. Bf4 {[%emt 0:02:05]} Nf6 {[%emt 0:00:22]} 3. e3 {[%emt 0:00:47]} c6 {[%emt 0:03:15]} 4. Nd2 {[%emt 0:05:44]} g6 {[%emt 0:01:13]} 5. h3 {[%emt 0:00:30]} Bg7 {[%emt 0:00:08]} 6. Ngf3 {[%emt 0:00:09]} Nbd7 {[%emt 0:00:40]} 7. Bd3 {[%emt 0:02:31]} O-O {[%emt 0:05:43]} 8. O-O {[%emt 0:01:07]} b6 {[%emt 0:17:08]} 9. c3 {[%emt 0:12:26]} Bb7 {[%emt 0:01:20]} 10. Re1 {[%emt 0:06:05]} c5 {[%emt 0:04:39]} 11. e4 {[%emt 0:05:29]} dxe4 {[%emt 0:14:23]} 12. Nxe4 {[%emt 0:06:13]} cxd4 {[%emt 0:01:24]} 13. cxd4 {[%emt 0:03:46]} Nxe4 {[%emt 0:05:26]} 14. Bxe4 {[%emt 0:00:09]} Bxe4 {[%emt 0:00:04]} 15. Rxe4 {[%emt 0:00:10]} Nf6 {[%emt 0:00:11]} 16. Re2 {[%emt 0:00:22]} Nd5 {[%emt 0:05:42]} 17. Bh2 {[%emt 0:00:35]} e6 {[%emt 0:00:51]} 18. Rc1 {[%emt 0:03:03]} Qd7 {[%emt 0:03:08]} 19. Qb3 {[%emt 0:02:48]} Rac8 {[%emt 0:02:39]} 20. Rec2 {[%emt 0:01:31]} Bh6 {[%emt 0:02:55]} 21. Ne5 {[%emt 0:01:50]} Qb7 {[%emt 0:00:34]} 22. Rxc8 {[%emt 0:00:09]} Rxc8 {[%emt 0:00:28]} 23. Rxc8+ {[%emt 0:00:54]} Qxc8 {[%emt 0:00:04]} 24. Qc4 {[%emt 0:00:12]} Qxc4 {[%emt 0:05:15]} 25. Nxc4 {[%emt 0:00:19]} Bc1 {[%emt 0:01:01]} 26. b3 {[%emt 0:05:08]} Nc3 {[%emt 0:03:23]} 27. Bb8 {[%emt 0:01:22]} b5 {[%emt 0:00:51]} 28. Ne5 {[%emt 0:02:03]} a6 {[%emt 0:01:39]} 29. Nd3 {[%emt 0:00:26]} Ba3 {[%emt 0:02:12]} 30. Nc5 {[%emt 0:00:54]} Nxa2 {[%emt 0:07:21]} 31. Nxa6 {[%emt 0:00:32]} Nc1 {[%emt 0:00:05]} 32. b4 {[%emt 0:05:40]} Ne2+ {[%emt 0:00:31]} 33. Kf1 {[%emt 0:00:01]} Nxd4 {[%emt 0:00:08]} 34. Be5 {[%emt 0:00:26]} Nc6 {[%emt 0:01:14]} 35. Bc3 {[%emt 0:00:10]} Kf8 {[%emt 0:01:07]} 36. Ke2 {[%emt 0:00:13]} Ke7 {[%emt 0:00:16]} 37. Kd3 {[%emt 0:00:14]} Kd6 {[%emt 0:01:11]} 38. Kc2 {[%emt 0:00:33]} e5 {[%emt 0:03:44]} 39. Bd2 {[%emt 0:01:43]} Nd4+ {[%emt 0:01:43]} 40. Kb1 {[%emt 0:00:44]} Ne2 {[%emt 0:00:38]} 41. Kc2 {[%emt 0:00:43]} Kd5 {[%emt 0:02:47]} 42. Kd3 {[%emt 0:03:16]} Nf4+ {[%emt 0:00:54]} 43. Kc3 {[%emt 0:00:21]} Ne2+ {[%emt 0:01:02]} 44. Kd3 {[%emt 0:00:24]} Nd4 {[%emt 0:01:36]} 45. Kc3 {[%emt 0:01:44]} f5 {[%emt 0:01:02]} 46. Nc5 {[%emt 0:00:39]} Ne2+ {[%emt 0:00:14]} 47. Kd3 {[%emt 0:01:33]} Nf4+ {[%emt 0:00:31]} 48. Kc3 {[%emt 0:04:34]} Ne2+ {[%emt 0:00:22]} 49. Kd3 {[%emt 0:01:58]} Nf4+ {[%emt 0:00:40]} 50. Kc3 {[%emt 0:00:08]} Ne2+ {[%emt 0:00:13]} 1/2-1/2